<?xml version="1.0" encoding="UTF-8"?><?xml-stylesheet type="text/xsl" href="static/style.xsl"?><OAI-PMH xmlns="http://www.openarchives.org/OAI/2.0/" xmlns:xsi="http://www.w3.org/2001/XMLSchema-instance" xsi:schemaLocation="http://www.openarchives.org/OAI/2.0/ http://www.openarchives.org/OAI/2.0/OAI-PMH.xsd"><responseDate>2026-06-02T11:02:22Z</responseDate><request verb="GetRecord" identifier="oai:riuma.uma.es:10630/13462" metadataPrefix="marc">https://riuma.uma.es/rest/oai/request</request><GetRecord><record><header><identifier>oai:riuma.uma.es:10630/13462</identifier><datestamp>2026-02-03T10:22:40Z</datestamp><setSpec>com_10630_1685</setSpec><setSpec>col_10630_38055</setSpec></header><metadata><record xmlns="http://www.loc.gov/MARC21/slim" xmlns:dcterms="http://purl.org/dc/terms/" xmlns:doc="http://www.lyncode.com/xoai" xmlns:xsi="http://www.w3.org/2001/XMLSchema-instance" xsi:schemaLocation="http://www.loc.gov/MARC21/slim http://www.loc.gov/standards/marcxml/schema/MARC21slim.xsd">
   <leader>00925njm 22002777a 4500</leader>
   <datafield ind2=" " ind1=" " tag="042">
      <subfield code="a">dc</subfield>
   </datafield>
   <datafield ind2=" " ind1=" " tag="720">
      <subfield code="a">Paredes-Arjona, Juan de Dios</subfield>
      <subfield code="e">author</subfield>
   </datafield>
   <datafield ind2=" " ind1=" " tag="260">
      <subfield code="c">2017-04-19</subfield>
   </datafield>
   <datafield ind2=" " ind1=" " tag="520">
      <subfield code="a">Este TFG nace a partir del movimiento de Datos Abiertos que podemos encontrar en gran número de entidades a nivel mundial y sobre todo, en las administraciones públicas. Este movimiento se basa en la difusión de datos, según las leyes de cada país, que hacen estas entidades para que puedan ser tratados de manera automática por cualquier programa de forma libre y sin restricciones. Tenemos por objetivo realizar una aplicación móvil que permita realizar análisis estadísticos de estos datos, centrándose en el formato CSV, que es el formato más utilizado en estos momentos. Hemos implementado dicha aplicación, con éxito, en entorno Android, siguiendo las pautas de un proceso software de Desarrollo Iterativo e Incremental (IID), pasando así, por etapas retroalimentadas de capturas de requisitos, análisis, diseño, implementación y pruebas, tal y como se detalla en la presente memoria. Se obtiene un producto final completo que puede abordar cualquieras datos en formato CSV. Además podemos crear y analizar nuestro propios datos creados en este formato. Tiene limitaciones de memoria debido a que estos ficheros pueden consumir gran cantidades de memoria, pero esperamos que esta restricción sea superada por la evolución de capacidad física que tengan los móviles en un futuro próximo.</subfield>
   </datafield>
   <datafield ind1="8" ind2=" " tag="024">
      <subfield code="a">http://hdl.handle.net/10630/13462</subfield>
   </datafield>
   <datafield tag="653" ind2=" " ind1=" ">
      <subfield code="a">Datos abiertos - Estadísticas</subfield>
   </datafield>
   <datafield tag="653" ind2=" " ind1=" ">
      <subfield code="a">Recuperación de la información</subfield>
   </datafield>
   <datafield tag="653" ind2=" " ind1=" ">
      <subfield code="a">Aplicaciones (Software)</subfield>
   </datafield>
   <datafield tag="653" ind2=" " ind1=" ">
      <subfield code="a">Informática - Trabajos Fin de Grado</subfield>
   </datafield>
   <datafield tag="653" ind2=" " ind1=" ">
      <subfield code="a">Grado en Ingeniería de Computadores - Trabajos Fin de Grado</subfield>
   </datafield>
   <datafield ind2="0" ind1="0" tag="245">
      <subfield code="a">Aplicación estadística móvil para datos abiertos</subfield>
   </datafield>
</record>
</metadata></record></GetRecord></OAI-PMH>